000 00537nam a2200181Ia 4500
003 GCL
008 140319s9999 xx 000 0 eng d
040 _aGCL /
_cGCL
082 0 4 _a530.429
_bC L
100 1 _aZUMER, SLOBODAN
245 1 0 _aLIQUID CRYSTALS IN COMPLEX GEOMETRIES: FORMED BY POLYMER AND POROUS NETWORKS /
_cZUMER, SLOBODAN
700 1 _aCRAWFORD, GEORGY PHILIP
260 _a[S.N] :
_bTAYLOR & FRANCIS ،
_c1996
300 _a505 P
650 0 4 _aLIQUID CRYSTALS
650 0 4 _aPOLYMER LIQUID CRYSTALS
942 _2ddc
_cBK
999 _c13105
_d13105